Ujian personaliti

Bibliographic Details
Main Author: Lauster, Peter (Author)
Format: Book
Published: Johor Baharu : Badan Bookstore , 1993
Subjects:

MARC

LEADER 00000cam a2200000 7i4500
001 0000007499
005 20180109093000.0
020 |a 9839726773 
090 0 0 |a BF698.8   |b .L213 
100 0 |a Lauster, Peter ,   |e author 
245 0 0 |a Ujian personaliti   |c Peter Lauster   |f terjemahan D.H. Gulo 
260 2 |a Johor Baharu :   |b Badan Bookstore ,   |c 1993 
300 |a xi, 113 ms. ;c21 sm 
500 |a Terjemahan: Personality test 
650 0 |a Personality tests 
650 0 |a Self-perception 
745 0 0 |a Personality tests 
999 |a 1000048614   |b Book   |c OPEN SHELF (30 DAYS)   |e Gong Badak Campus